Marketingová aplikácia nového technického produktu bakalárska práca

Salvato in:
Dettagli Bibliografici
Autore principale: Danko, Martin
Ente Autore: Obchodná fakulta EU. Katedra marketingu
Altri autori: Orgonáš, Jozef, 1957-
Natura: Libro
Lingua:slovacco
Pubblicazione: Bratislava 2015
Tags: Aggiungi Tag
Nessun Tag, puoi essere il primo ad aggiungerne!!

MARC

LEADER 00000nbm a2200000 4500
001 0203128
005 20161212104827.3
041 0 |a slo 
044 |a SK 
245 1 0 |a Marketingová aplikácia nového technického produktu  |b bakalárska práca  |c Martin Danko ; školiteľ: Jozef Orgonáš 
264 1 |a Bratislava  |c 2015 
300 |a 44 s. 
100 1 |a Danko, Martin 
700 1 |a Orgonáš, Jozef, 1957- 
710 2 |a Obchodná fakulta EU. Katedra marketingu